Songs from James Bond Movies (Clips) Quiz Stats

 Plays Quiz not verified by Sporcle

Score 0/15 Timer 05:00
0 Plays Today
% Correct
Clip 01 (0:00)
94.2%
Clip 02 (0:08)
90.4%
Clip 08 (0:56)
85.3%
Clip 15 (1:52)
82.6%
Clip 10 (1:12)
79.9%
Clip 09 (1:04)
79.2%
Clip 05 (0:32)
78.5%
Clip 13 (1:36)
75.8%
% Correct
Clip 12 (1:28)
75.1%
Clip 14 (1:44)
72%
Clip 03 (0:16)
68.9%
Clip 06 (0:40)
68.3%
Clip 11 (1:20)
67.6%
Clip 04 (0:24)
64.2%
Clip 07 (0:48)
62.5%

You're not logged in!

Compare scores with friends on all Sporcle quizzes.
OR
Log In

Show Comments

Extras

Top Quizzes Today


Score Distribution

Your Account Isn't Verified!

In order to create a playlist on Sporcle, you need to verify the email address you used during registration. Go to your Sporcle Settings to finish the process.

Report this User

Report this user for behavior that violates our Community Guidelines.

Details: